000 00738nam a2200205 i 4500
001 59393
003 ES-MaACL
005 20250826034822.0
007 t|
008 031028s1955 sp ||||1| spa d
100 1 _aElorriaga, Esteban.
_947080
245 1 0 _aMedida de valor y supresión total de impuestos
_b: para que sea aplicada por los gobernantes de todo el mundo al servicio y bienestar del Estado, capital y trabajo /
_cEsteban Elorriaga ; prólogo de J. Zubizarreta.
260 _aMadrid :
_bCastilla,
_c1955.
300 _a96 p. ;
_c19 cm.
650 0 7 _aImpuestos
_2embne
_913633
700 1 _aZubizarreta Gutiérrez, José.
_9118418
852 _aES-MaACL
_jC-24307
852 _aES-MaACL
_jE-8385
999 _c59393
_d59393